| 000 | 00528nam a2200193Ii 4500 | ||
|---|---|---|---|
| 003 | JO-AjNU | ||
| 008 | 230606s9999||||xx |||||||||||||| ||und|| | ||
| 040 |
_aJO-AjNU _beng _erda _cJO-AjNU |
||
| 041 | _aeng | ||
| 050 | 1 | 4 | _aQA76.5 |
| 100 | 3 |
_aGautam/Jaiswal, _eauthor _9299 |
|
| 245 | 0 | 0 | _aAdditional Programs On Microprocessors |
| 264 | 3 | 1 | _aS.K KATARIA SONS |
| 300 | _a53p | ||
| 336 |
_atext _btxt _2rdacontent |
||
| 337 |
_aunmediated _bn _2rdamedia |
||
| 338 |
_avolume _bnc _2rdacarrier |
||
| 650 | 4 |
_aMicroprocessors. _9300 |
|
| 999 |
_aE158 _c158 _d158 |
||